000 004190000a22001690004500
003 MACL
005 20151231111452.0
008 151231b xxu||||| |||| 00| 0 eng d
040 _aMACL
_cMACL
041 _aEnglish
082 _a294/RAD
100 _aRadhakrishnan, S
_9673
245 _aThe Dhammapaka
260 _bOxford University Press
_c1954
_aNew York
650 _aReligion
_925381
942 _cBK
_k294/RAD
_2ddc
999 _c34590
_d34590